Witch doctor, (Record no. 2971)
[ view plain ]
| 000 -LEADER | |
|---|---|
| fixed length control field | 00835nac a22002291u 4500 |
| 010 ## - LIBRARY OF CONGRESS CONTROL NUMBER | |
| LC control number | 65023415 |
| 035 ## - SYSTEM CONTROL NUMBER | |
| System control number | (OCoLC)489736 |
| 082 ## - DEWEY DECIMAL CLASSIFICATION NUMBER | |
| Classification number | 615.89096 |
| Item number | G2815 |
| 090 ## - LOCALLY ASSIGNED LC-TYPE CALL NUMBER (OCLC); LOCAL CALL NUMBER (OCLC) | |
| -- | 2971 |
| -- | 2971 |
| 100 ## - MAIN ENTRY--PERSONAL NAME | |
| Personal name | Gelfand, Michael. |
| 245 10 - TITLE STATEMENT | |
| Title | Witch doctor, |
| Remainder of title | traditional medicine man of Rhodesia. |
| Statement of responsibility, etc | With a foreword by Sir Roy Welensky. |
| 260 ## - PUBLICATION, DISTRIBUTION, ETC. (IMPRINT) | |
| Place of publication, distribution, etc | New York, |
| Name of publisher, distributor, etc | Praeger |
| Date of publication, distribution, etc | [1965, c1964] |
| 300 ## - PHYSICAL DESCRIPTION | |
| Extent | 191 p. |
| Other physical details | illus., group port. |
| Dimensions | 22 cm. |
| 500 ## - GENERAL NOTE | |
| General note | Donations. |
| 500 ## - GENERAL NOTE | |
| General note | Donations - Dr. Mostafa Gouda. |
| 504 ## - BIBLIOGRAPHY, ETC. NOTE | |
| Bibliography, etc | Bibliographical footnotes. |
| 650 #0 - SUBJECT ADDED ENTRY--TOPICAL TERM | |
| Topical term or geographic name as entry element | Traditional medicine. |
| 650 #0 - SUBJECT ADDED ENTRY--TOPICAL TERM | |
| Topical term or geographic name as entry element | Witchcraft |
| Geographic subdivision | Rhodesia. |
| 650 #0 - SUBJECT ADDED ENTRY--TOPICAL TERM | |
| Topical term or geographic name as entry element | Shona (African people) |
| 942 ## - ADDED ENTRY ELEMENTS (KOHA) | |
| Item type | Book - Borrowing |
| Call number prefix | 615.89096G2815 |
| Withdrawn status | Item status | Damaged status | Not for loan | Home library | Current library | Shelving location | Date acquired | Source of acquisition | Total Checkouts | Total Renewals | Full call number | Barcode | Date last seen | Date last borrowed | Koha item type |
|---|---|---|---|---|---|---|---|---|---|---|---|---|---|---|---|
| Central Library | Central Library | First floor | 07/03/2014 | Purchase | 1 | 6 | 615.89096 GEL | 000001238 | 15/07/2025 | 15/09/2014 | Book - Borrowing |